000 00305nam a22001337a 4500
020 _a0-521-56693-2
041 _aENG
100 _aWild . A
245 _aSoils And The Enviroment An Introduction
260 _aDelhi
_bCambridge
_c1997
300 _a287
650 _aAgricultural
856 _uAgricultural
999 _c455
_d455